000 00771nam a2200181 i 4500
001 143324
003 ES-MaACL
005 20230906200800.0
007 t|
008 070214s1924 sp |||| | spa d
100 1 _aSerrano y Aguado, Gregorio F.
_9132671
245 1 3 _aLa patria del obispo don Bernardo y la nuestra
_b: artículos publicados en "El Henares" de dicha ciudad : al final el Himno (Canto y piano) del Centenario /
_cGregorio Fidel Serrano y Aguado.
260 _aSigüenza :
_bPascual Box,
_c1924.
300 _a40 p. ;
_c22 x 15 cm.
594 _aPrecede al tít.: VIII Centenario de la Reconquista de la ciudad de Sigüenza.
711 2 _aCentenario de la Reconquista de la ciudad de Sigüenza (
_d1924? (
_n. 8º)
_953
852 _aES-MaACL
_j1674-F-17
999 _c143324
_d143324